书目信息 |
| 题名: |
美洲图案集
|
|
| 作者: | 崔唯 编绘 | |
| 分册: | ||
| 出版信息: | 长沙 湖南美术出版社 1990.08 |
|
| 页数: | 93页 | |
| 开本: | 24开 | |
| 丛书名: | ||
| 单 册: | ||
| 中图分类: | J522 | |
| 科图分类: | ||
| 主题词: | 工艺美术--中国 | |
| 电子资源: | ||
| ISBN: | 7-5356-0382-3 | |
| 000 | 00528nam0 2200193 45 | |
| 001 | 0008181594 | |
| 005 | 20000818152508.2 | |
| 010 | @a7-5356-0382-3@d5.80元 | |
| 100 | @a20000818d1990 km y0chiy0120 ea | |
| 101 | 0 | @achi |
| 105 | @a z 000yy | |
| 200 | 1 | @a美洲图案集@AMei Zhou Tu An Ji@f崔唯编绘@FCui Wei Bian Hui |
| 210 | @a长沙@c湖南美术出版社@d1990.08 | |
| 215 | @a93页@d24开 | |
| 606 | 0 | @a工艺美术@x中国 |
| 690 | @aJ522@v3 | |
| 701 | 0 | @a崔唯@4编绘 |
| 801 | @aCN@bPftUser@c20000818 | |
| 905 | @b111250-252@dJ522@eC105@f3 | |
| 美洲图案集/崔唯编绘.-长沙:湖南美术出版社,1990.08 |
| 93页;24开 |
| ISBN 7-5356-0382-3:5.80元 |
| ● |
| 相关链接 |
|
|
|
正题名:美洲图案集
索取号:J522/C105
 
预约/预借
| 序号 | 登录号 | 条形码 | 馆藏地/架位号 | 状态 | 备注 |
| 1 | 111250 | 201112508 | 艺术设计学院资料室/ [索取号:J522/C105] | 在馆 | |
| 2 | 111251 | 201112517 | 社科库309/309社科库 86排2列4层/ [索取号:J522/C105] | 在馆 | |
| 3 | 111252 | 201112526 | 社科库309/309社科库 86排2列4层/ [索取号:J522/C105] | 在馆 |